Entry Personal Name
Number of records used in: 3
001 - CONTROL NUMBER
003 - CONTROL NUMBER IDENTIFIER
005 - DATE AND TIME OF LATEST TRANSACTION
- control field:
20180726143334.0
008 - FIXED-LENGTH DATA ELEMENTS
- fixed length control field:
180726|| aca||aabn | a|a d
040 ## - CATALOGING SOURCE
- Original cataloging agency:
OSt
- Transcribing agency:
OSt
100 ## - HEADING--PERSONAL NAME
- Personal name:
Hersey, Paul and others
670 ## - SOURCE DATA FOUND
- Source citation:
Work cat.: (OSt)2974: Hersey, Paul and others, MANAGEMENT OF ORGANIZATION BEHAVIOUR:leading human reasources, 2005